Most Played Songs Live - Led Zeppelin - Statistics

General Stats
  • This quiz has been taken 788 times
  • The average score is 7 of 15
Answer Stats
Times Played Song % Correct
271 Stairway to Heaven
98%
229 Black Dog
87%
314 Whole Lotta Love
86%
438 Dazed and Confused (Jake Holmes Cover)
70%
211 Rock and Roll
69%
255 Heartbreaker
58%
266 Communication Breakdown
54%
312 Moby Dick
46%
299 Since I've Been Loving You
38%
173 The Song Remains the Same
30%
199 How Many More Times
26%
147 You Shook Me (Willie Dixon Cover)
16%
185 I Can't Quit You Baby (Willie Dixon Cover)
14%
221 White Summer/Black Mountain Side
11%
154 Train Kept A-Rollin' (Tiny Bradshaw Cover)
2%
No matching quizzes found
Score Distribution
Percent of People with Each Score
Percentile by Number Answered
Your Score History
You have not taken this quiz